[Event "CZE-chT2D 1314"]
[Site "Czech Republic"]
[Date "2013.11.17"]
[Round "2.7"]
[White "Jana, Martin"]
[Black "Safarik, Jakub"]
[Result "0-1"]
[WhiteElo "1860"]
[BlackElo "2055"]
[PlyCount "64"]
[EventDate "2013.11.03"]
[EventType "team-tourn"]
[EventRounds "11"]
[EventCountry "CZE"]
[SourceTitle "EXT 2016"]
[Source "ChessBase"]
[SourceDate "2015.10.08"]
[SourceVersion "1"]
[SourceVersionDate "2015.10.08"]
[SourceQuality "1"]
[WhiteTeam "Havlickuv Brod"]
[BlackTeam "Lipa"]
[WhiteTeamCountry "CZE"]
[BlackTeamCountry "CZE"]

1. e4 e6 2. d3 d5 3. Nd2 Nf6 4. Ngf3 c5 5. g3 Nc6 6. Bg2 Be7 7. 0-0 0-0 8. e5 Nd7 9. Re1 b5 10. c3 a5 11. d4 Bb7 12. h4 Rc8 13. Nf1 b4 14. N1h2 bxc3 15. bxc3 cxd4 16. cxd4 Nb4 17. Re2 Ba6 18. Rd2 Nb6 19. a3 Nc6 20. Rc2 a4 21. Ng5 Na5 22. Rxc8 Qxc8 23. Bf4 Nb3 24. Ra2 Qc3 25. Ngf3 Bd3 26. Bf1 Be4 27. Be3 Nc4 28. Bxc4 dxc4 29. Ng5 Qd3 30. Qxd3 Bxd3 31. Bd2 Nxd4 32. Bc3 Ne2+ 0-1

[Event "CZE-chT2D 1314"]
[Site "Czech Republic"]
[Date "2013.11.03"]
[Round "1.8"]
[White "Jana, Martin"]
[Black "Urban, Zdenek"]
[Result "0-1"]
[WhiteElo "1860"]
[BlackElo "2138"]
[PlyCount "80"]
[EventDate "2013.11.03"]
[EventType "team-tourn"]
[EventRounds "11"]
[EventCountry "CZE"]
[SourceTitle "EXT 2016"]
[Source "ChessBase"]
[SourceDate "2015.10.08"]
[SourceVersion "1"]
[SourceVersionDate "2015.10.08"]
[SourceQuality "1"]
[WhiteTeam "Havlickuv Brod"]
[BlackTeam "Jicin II"]
[WhiteTeamCountry "CZE"]
[BlackTeamCountry "CZE"]

1. e4 d6 2. Nf3 Nf6 3. d3 g6 4. g3 Bg7 5. Bg2 0-0 6. 0-0 c6 7. c3 h6 8. Nbd2 e5 9. h3 Re8 10. Re1 Qc7 11. Nf1 Nbd7 12. g4 d5 13. Ng3 dxe4 14. dxe4 Nc5 15. Qc2 Ne6 16. Be3 Nf4 17. Bf1 a5 18. Rad1 a4 19. Qd2 Be6 20. c4 h5 21. g5 Nd7 22. Bxf4 exf4 23. Ne2 Ne5 24. Qxf4 Bxc4 25. Nc3 Qe7 26. Bxc4 Nxc4 27. Qc1 Qb4 28. Rd7 Nxb2 29. Qf4 Re7 30. Rxe7 Qxe7 31. Qd2 Nc4 32. Qc1 Qb4 33. Ne2 Re8 34. Ng3 b5 35. Rd1 Qc3 36. Qf4 Ne5 37. Nd2 h4 38. Nb1 Qc2 39. Rc1 Qxa2 40. Qxh4 Nf3+ 0-1

[Event "CZE-chT U20 final-A 1011"]
[Site "Czech Republic"]
[Date "2011.04.16"]
[Round "9.2"]
[White "Zvara, David"]
[Black "Jana, Martin"]
[Result "1/2-1/2"]
[WhiteElo "1998"]
[BlackElo "1819"]
[PlyCount "117"]
[EventDate "2010.10.02"]
[EventType "team-tourn"]
[EventRounds "11"]
[EventCountry "CZE"]
[SourceTitle "EXT 2012"]
[Source "ChessBase"]
[SourceDate "2011.11.24"]
[SourceVersion "1"]
[SourceVersionDate "2011.11.24"]
[SourceQuality "1"]
[WhiteTeam "Vlasim (U20)"]
[BlackTeam "Namest nad Oslavou (U20)"]
[WhiteTeamCountry "CZE"]
[BlackTeamCountry "CZE"]

1. e4 d5 2. exd5 Qxd5 3. Nc3 Qa5 4. d4 c6 5. Bc4 Nf6 6. Bd2 Qc7 7. Nge2 Bf5 8. Bf4 Qd8 9. 0-0 e6 10. Re1 Be7 11. Ng3 Bg6 12. Nce4 0-0 13. c3 Nd5 14. Bxd5 cxd5 15. Nd2 Nc6 16. Nf3 Rc8 17. Ne5 Nxe5 18. Bxe5 Qb6 19. Qb3 Rc6 20. Ne2 a6 21. Nf4 Qxb3 22. axb3 Bc2 23. Nh5 f6 24. Bf4 Bxb3 25. Bd2 Bd6 26. Nf4 e5 27. dxe5 fxe5 28. Nd3 e4 29. Nc1 Bc4 30. Ne2 Bc5 31. Nd4 Rb6 32. b4 Be7 33. f3 Bh4 34. g3 exf3 35. Kf2 Bf6 36. Ne6 Re8 37. Ng5 Rxe1 38. Rxe1 Be2 39. Nxf3 Bxf3 40. Kxf3 Kf7 41. Ke2 Re6+ 42. Kd3 Rxe1 43. Bxe1 Ke6 44. Bd2 Kf5 45. h3 Ke6 46. Be3 Kd6 47. Bd2 Kc6 48. g4 b6 49. c4 dxc4+ 50. Kxc4 b5+ 51. Kd3 Kd5 52. Bf4 Be5 53. Be3 Bd6 54. Bd2 Be7 55. Be1 Bd6 56. Bc3 Be5 57. Be1 Bf4 58. Bc3 Bd6 59. Be1 1/2-1/2

[Event "CZE-chT U20 final-A 1011"]
[Site "Czech Republic"]
[Date "2011.04.15"]
[Round "8.2"]
[White "Jana, Martin"]
[Black "Seidl, Stepan"]
[Result "0-1"]
[WhiteElo "1819"]
[BlackElo "2088"]
[PlyCount "52"]
[EventDate "2010.10.02"]
[EventType "team-tourn"]
[EventRounds "11"]
[EventCountry "CZE"]
[SourceTitle "EXT 2012"]
[Source "ChessBase"]
[SourceDate "2011.11.24"]
[SourceVersion "1"]
[SourceVersionDate "2011.11.24"]
[SourceQuality "1"]
[WhiteTeam "Namest nad Oslavou (U20)"]
[BlackTeam "Polabiny (U20)"]
[WhiteTeamCountry "CZE"]
[BlackTeamCountry "CZE"]

1. e4 d6 2. d4 Nf6 3. Bd3 g6 4. Ne2 Bg7 5. 0-0 e5 6. d5 0-0 7. c4 a5 8. Bg5 h6 9. Bh4 g5 10. Bg3 Nh5 11. Nbc3 Nd7 12. f3 f5 13. Bf2 f4 14. Bc2 b6 15. Rc1 Nb8 16. Nb5 g4 17. Qe1 gxf3 18. gxf3 Bh3 19. Bh4 Bf6 20. Bxf6 Rxf6 21. Rf2 Rg6+ 22. Kh1 Qh4 23. Bd3 Na6 24. Bb1 Kh8 25. Nec3 Rag8 26. Re2 Bf1 0-1

[Event "CZE-chTE U20 1011"]
[Site "Czech Republic"]
[Date "2011.01.15"]
[Round "7.2"]
[White "Stachon, Martin"]
[Black "Jana, Martin"]
[Result "0-1"]
[WhiteElo "1922"]
[BlackElo "1819"]
[PlyCount "92"]
[EventDate "2010.10.02"]
[EventType "team-tourn"]
[EventRounds "11"]
[EventCountry "CZE"]
[SourceTitle "EXT 2012"]
[Source "ChessBase"]
[SourceDate "2011.11.24"]
[SourceVersion "1"]
[SourceVersionDate "2011.11.24"]
[SourceQuality "1"]
[WhiteTeam "Stare Mesto (U20)"]
[BlackTeam "Namest nad Oslavou (U20)"]
[WhiteTeamCountry "CZE"]
[BlackTeamCountry "CZE"]

1. e4 d5 2. Nc3 d4 3. Nce2 c5 4. Nf3 Nc6 5. Ng3 e5 6. Bc4 Bd6 7. d3 Na5 8. Bb5+ Nc6 9. Bxc6+ bxc6 10. 0-0 Ne7 11. Re1 0-0 12. Nd2 Be6 13. b3 Kh8 14. Nc4 Rb8 15. a4 f5 16. exf5 Bxc4 17. bxc4 Nxf5 18. Ne4 Rb7 19. Ba3 Qe7 20. Qe2 Re8 21. Qd2 Qf8 22. Qa5 Nh4 23. Bxc5 Bxc5 24. Qxc5 Rb2 25. Qxf8+ Rxf8 26. Rec1 Ng6 27. Rab1 Rfb8 28. Nd2 Kg8 29. Kf1 Kf7 30. Ke1 Nf4 31. g3 Ne6 32. Nb3 Ra2 33. Ra1 Rb2 34. Rab1 Ra2 35. a5 Kf6 36. Kd2 Ke7 37. Ra1 Rb2 38. Rab1 R8xb3 39. Rxb2 Rxb2 40. Re1 Kd6 41. f4 exf4 42. gxf4 Nxf4 43. Re8 Ne6 44. Ra8 Rb7 45. a6 Rf7 46. Ke2 Nc5 0-1

[Event "CZE-chTE U20 1011"]
[Site "Czech Republic"]
[Date "2010.11.27"]
[Round "5.2"]
[White "Musil, Jiri"]
[Black "Jana, Martin"]
[Result "1-0"]
[WhiteElo "1946"]
[BlackElo "1819"]
[PlyCount "91"]
[EventDate "2010.10.02"]
[EventType "team-tourn"]
[EventRounds "11"]
[EventCountry "CZE"]
[SourceTitle "EXT 2012"]
[Source "ChessBase"]
[SourceDate "2011.11.24"]
[SourceVersion "1"]
[SourceVersionDate "2011.11.24"]
[SourceQuality "1"]
[WhiteTeam "Brno Lokomotiva (U20)"]
[BlackTeam "Namest nad Oslavou (U20)"]
[WhiteTeamCountry "CZE"]
[BlackTeamCountry "CZE"]

1. Nf3 Nf6 2. c4 g6 3. b4 Bg7 4. Bb2 d6 5. d4 Nbd7 6. e3 0-0 7. Nbd2 d5 8. cxd5 Nxd5 9. a3 N7b6 10. Bd3 c6 11. 0-0 Bg4 12. h3 Bxf3 13. Nxf3 a5 14. b5 c5 15. Rc1 Rc8 16. Qd2 c4 17. Be2 a4 18. Ba1 Qd7 19. Rb1 Rc7 20. e4 Nf6 21. Qe3 Qc8 22. Bc3 Nfd7 23. Bd1 Qa8 24. Bc2 e6 25. Bb4 Re8 26. Bc3 f5 27. g4 fxe4 28. Bxe4 Nd5 29. Qd2 N7f6 30. Bc2 Nxc3 31. Qxc3 Nd5 32. Qd2 Rf8 33. Ne5 Rf4 34. f3 Bxe5 35. dxe5 Rcf7 36. Be4 Qd8 37. b6 Qe7 38. Qd4 Qxa3 39. Qxc4 Ne3 40. Qc8+ Kg7 41. Rf2 Qe7 42. Qc3 Nd5 43. Bxd5 exd5 44. e6+ R7f6 45. g5 d4 46. gxf6+ 1-0

[Event "CZE-chTE U20 1011"]
[Site "Czech Republic"]
[Date "2010.10.02"]
[Round "2.2"]
[White "Jana, Martin"]
[Black "Fargac, Martin"]
[Result "0-1"]
[WhiteElo "1819"]
[BlackElo "1887"]
[PlyCount "42"]
[EventDate "2010.10.02"]
[EventType "team-tourn"]
[EventRounds "11"]
[EventCountry "CZE"]
[SourceTitle "EXT 2012"]
[Source "ChessBase"]
[SourceDate "2011.11.24"]
[SourceVersion "1"]
[SourceVersionDate "2011.11.24"]
[SourceQuality "1"]
[WhiteTeam "Namest nad Oslavou (U20)"]
[BlackTeam "Trinec (U20)"]
[WhiteTeamCountry "CZE"]
[BlackTeamCountry "CZE"]

1. e4 e5 2. Nf3 Nc6 3. Bb5 a6 4. Bxc6 dxc6 5. d4 exd4 6. Qxd4 Qxd4 7. Nxd4 c5 8. Nf3 Bg4 9. Nbd2 Nf6 10. 0-0 0-0-0 11. Re1 Be7 12. Ne5 Be6 13. Nb3 Nxe4 14. Bf4 Nf6 15. Nxf7 Bxf7 16. Rxe7 Rd7 17. Rae1 b6 18. Nd2 Rhd8 19. Nf3 Rxe7 20. Rxe7 Rd1+ 21. Ne1 Nd5 0-1

[Event "CZE-ch U16"]
[Site "Kouty nad Desnou"]
[Date "2010.03.11"]
[Round "7"]
[White "Meduna, Eduard1111"]
[Black "Jana, Martin"]
[Result "1/2-1/2"]
[WhiteElo "2422"]
[BlackElo "1804"]
[PlyCount "40"]
[EventDate "2010.03.06"]
[EventType "swiss"]
[EventRounds "9"]
[EventCountry "CZE"]
[SourceTitle "EXT 2012"]
[Source "ChessBase"]
[SourceDate "2011.11.24"]
[SourceVersion "1"]
[SourceVersionDate "2011.11.24"]
[SourceQuality "1"]

1. e4 d5 2. exd5 Qxd5 3. Nc3 Qa5 4. d4 c6 5. Nf3 Bf5 6. Bd2 e6 7. g3 Qc7 8. Bg2 Bd6 9. 0-0 Nf6 10. Re1 0-0 11. Ne2 Nbd7 12. c4 Rad8 13. Bc3 Ne4 14. Nh4 Nxc3 15. Nxc3 Bg6 16. Nxg6 hxg6 17. Qc2 Nf6 18. Rad1 a6 19. Qc1 Rfe8 20. Qg5 Be7 1/2-1/2

[Event "CZE-ch U16"]
[Site "Kouty nad Desnou"]
[Date "2010.03.09"]
[Round "5"]
[White "Strnad, Ondrej"]
[Black "Jana, Martin"]
[Result "0-1"]
[WhiteElo "1769"]
[BlackElo "1804"]
[PlyCount "58"]
[EventDate "2010.03.06"]
[EventType "swiss"]
[EventRounds "9"]
[EventCountry "CZE"]
[SourceTitle "EXT 2012"]
[Source "ChessBase"]
[SourceDate "2011.11.24"]
[SourceVersion "1"]
[SourceVersionDate "2011.11.24"]
[SourceQuality "1"]

1. d4 Nf6 2. c4 g6 3. Nc3 Bg7 4. e4 d6 5. Be2 0-0 6. Bg5 c5 7. d5 Qa5 8. Bd2 Qb6 9. Rb1 e6 10. Nf3 exd5 11. exd5 Bf5 12. Na4 Qa6 13. Rc1 Re8 14. 0-0 Rxe2 15. Qxe2 Qxa4 16. a3 Nbd7 17. Bf4 Re8 18. Qd1 Qxd1 19. Rfxd1 Ne4 20. Nh4 Bxb2 21. Nxf5 gxf5 22. Rc2 Nc3 23. Rf1 Re2 24. Bd2 Na4 25. Re1 Rxe1+ 26. Bxe1 Ne5 27. f3 Bd4+ 28. Kf1 Nb6 29. Bh4 Nexc4 0-1

[Event "CZE-ch U16"]
[Site "Kouty nad Desnou"]
[Date "2010.03.08"]
[Round "3"]
[White "Suchomel, Ales"]
[Black "Jana, Martin"]
[Result "1/2-1/2"]
[WhiteElo "1889"]
[BlackElo "1804"]
[PlyCount "108"]
[EventDate "2010.03.06"]
[EventType "swiss"]
[EventRounds "9"]
[EventCountry "CZE"]
[SourceTitle "EXT 2012"]
[Source "ChessBase"]
[SourceDate "2011.11.24"]
[SourceVersion "1"]
[SourceVersionDate "2011.11.24"]
[SourceQuality "1"]

1. Nf3 Nf6 2. b3 d5 3. Bb2 Bf5 4. g3 e6 5. Bg2 c5 6. d3 Nc6 7. 0-0 Qc7 8. Nfd2 Bg6 9. c4 d4 10. Nf3 Rd8 11. Ne1 h5 12. h4 Bd6 13. Na3 a6 14. Bc1 Ng4 15. Nac2 Ne7 16. a3 Nf5 17. Nf3 f6 18. b4 b6 19. Bd2 Bf7 20. Qe1 g5 21. bxc5 Bxc5 22. Bh3 gxh4 23. Bf4 e5 24. e4 dxe3 25. Nxe3 Nfxe3 26. Bxe3 Nxe3 27. fxe3 Rxd3 28. Kg2 e4 29. Nxh4 Rxe3 30. Qf2 Rg8 31. Nf5 Rd3 32. Qe1 e3 33. Rd1 Rxd1 34. Qxd1 Bxc4 35. Qxh5+ Qf7 36. Qxf7+ Kxf7 37. Nh6+ Kg7 38. Nf5+ Kf7 39. Nh6+ Kg6 40. Nxg8 Bxf1+ 41. Kxf1 Bxa3 42. Ke2 Bc5 43. Be6 b5 44. Kd3 a5 45. Bd7 b4 46. Ba4 Kg7 47. Bb3 a4 48. Bc4 b3 49. Kc3 e2 50. Bxe2 Kxg8 51. Bb5 a3 52. Kxb3 Kg7 53. Bd7 Kg6 54. g4 Kg5 1/2-1/2

[Event "CZE-ch U16"]
[Site "Kouty nad Desnou"]
[Date "2009.03.10"]
[Round "5"]
[White "Pribyl, Radek"]
[Black "Jana, Martin"]
[Result "1-0"]
[WhiteElo "1823"]
[BlackElo "1751"]
[PlyCount "53"]
[EventDate "2009.03.07"]
[EventType "swiss"]
[EventRounds "9"]
[EventCountry "CZE"]
[SourceTitle "EXT 2011"]
[Source "ChessBase"]
[SourceDate "2010.11.26"]
[SourceVersion "1"]
[SourceVersionDate "2010.11.26"]
[SourceQuality "1"]

1. e4 d5 2. exd5 Qxd5 3. Nc3 Qa5 4. Bc4 Bf5 5. d3 e6 6. Bd2 c6 7. Qe2 Nd7 8. Nf3 Qc7 9. Nd4 Bg6 10. Bxe6 fxe6 11. Nxe6 Qe5 12. Qxe5 Nxe5 13. Nc7+ Kd7 14. Nxa8 Bd6 15. Ne4 Bxe4 16. dxe4 Ne7 17. 0-0-0 Ke6 18. f4 Ng4 19. e5 Bb8 20. Rdf1 Nf5 21. h3 Ngh6 22. Rd1 Ng3 23. Rhe1 Nhf5 24. Kb1 Rd8 25. Bb4 Rxd1+ 26. Rxd1 Ne3 27. Rd8 1-0

[Event "CZE-ch U16"]
[Site "Kouty nad Desnou"]
[Date "2009.03.09"]
[Round "3"]
[White "Jana, Martin"]
[Black "Braun, Marek"]
[Result "0-1"]
[WhiteElo "1751"]
[BlackElo "2071"]
[PlyCount "86"]
[EventDate "2009.03.07"]
[EventType "swiss"]
[EventRounds "9"]
[EventCountry "CZE"]
[SourceTitle "EXT 2011"]
[Source "ChessBase"]
[SourceDate "2010.11.26"]
[SourceVersion "1"]
[SourceVersionDate "2010.11.26"]
[SourceQuality "1"]

1. e4 c5 2. Nf3 e6 3. d3 Nc6 4. g3 g6 5. Bg2 Bg7 6. 0-0 Nge7 7. c3 d5 8. Nbd2 0-0 9. Re1 b5 10. Qe2 Qb6 11. Nf1 Bb7 12. h4 d4 13. h5 dxc3 14. N1h2 cxb2 15. Bxb2 e5 16. Ng4 f6 17. h6 Bh8 18. Qc2 Nd4 19. Bxd4 cxd4 20. Rec1 Bc8 21. Ngh2 Be6 22. Qc7 Qxc7 23. Rxc7 Kf7 24. Rb1 a6 25. a3 Rfc8 26. Rbc1 Rxc7 27. Rxc7 Rc8 28. Rxc8 Bxc8 29. g4 g5 30. Nd2 Kg6 31. Kf1 Kxh6 32. Ke2 Bg7 33. Kd1 Bf8 34. Kc2 Ng6 35. Kb2 Nf4 36. Bf1 Kg6 37. Nb3 Kf7 38. Na5 Ke8 39. Nc6 Kd7 40. Nb4 Kd6 41. Kb3 Be6+ 42. Kb2 a5 43. Nc2 Kc6 0-1

[Event "Morava-ch U16"]
[Site "Havirov"]
[Date "2008.10.28"]
[Round "7"]
[White "Jana, Martin"]
[Black "Fridrich, Vaclav"]
[Result "1-0"]
[WhiteElo "1760"]
[BlackElo "1534"]
[PlyCount "45"]
[EventDate "2008.10.25"]
[EventType "swiss"]
[EventRounds "9"]
[EventCountry "CZE"]
[SourceTitle "EXT 2009"]
[Source "ChessBase"]
[SourceDate "2008.11.26"]
[SourceVersion "1"]
[SourceVersionDate "2008.11.26"]
[SourceQuality "1"]

1. e4 e6 2. d3 d5 3. Nd2 c5 4. Ngf3 Nc6 5. g3 d4 6. Bg2 e5 7. Nc4 Bg4 8. h3 Bxf3 9. Qxf3 b5 10. Nd2 Nb4 11. Qd1 Rc8 12. a3 Qa5 13. 0-0 c4 14. Nf3 Nc6 15. dxc4 bxc4 16. Qe2 Qa4 17. Nd2 Bd6 18. f4 Nb4 19. b3 d3 20. Qg4 Qa6 21. axb4 Qxa1 22. Qxc8+ Ke7 23. Qxc4 1-0

[Event "Morava-ch U16"]
[Site "Havirov"]
[Date "2008.10.25"]
[Round "2"]
[White "Gabriel, Adam"]
[Black "Jana, Martin"]
[Result "1/2-1/2"]
[WhiteElo "2000"]
[BlackElo "1760"]
[PlyCount "44"]
[EventDate "2008.10.25"]
[EventType "swiss"]
[EventRounds "9"]
[EventCountry "CZE"]
[SourceTitle "EXT 2009"]
[Source "ChessBase"]
[SourceDate "2008.11.26"]
[SourceVersion "1"]
[SourceVersionDate "2008.11.26"]
[SourceQuality "1"]

1. e4 d5 2. exd5 Qxd5 3. Nc3 Qa5 4. d4 c6 5. Bc4 Bf5 6. Nf3 Nd7 7. 0-0 e6 8. Re1 Ngf6 9. a3 Bd6 10. b4 Qc7 11. Ne2 b5 12. Bb3 a5 13. Ng3 Bg6 14. bxa5 Rxa5 15. c4 bxc4 16. Bxc4 0-0 17. a4 Rb8 18. Nh4 Nb6 19. Bb3 Bb4 20. Nxg6 hxg6 21. Re2 Nbd5 22. Bxd5 Nxd5 1/2-1/2

[Event "CZE-ch U18 Girls/sf U18"]
[Site "Czech Republic"]
[Date "2008.??.??"]
[Round "5"]
[White "Jana, Martin"]
[Black "Kaluzny, Matyas"]
[Result "0-1"]
[WhiteElo "1760"]
[BlackElo "1571"]
[PlyCount "60"]
[EventDate "2008.??.??"]
[EventType "swiss"]
[EventRounds "9"]
[EventCountry "CZE"]
[SourceTitle "EXT 2011"]
[Source "ChessBase"]
[SourceDate "2010.11.26"]
[SourceVersion "1"]
[SourceVersionDate "2010.11.26"]
[SourceQuality "1"]

1. e4 c5 2. Nf3 Nc6 3. d4 cxd4 4. Nxd4 g6 5. Nc3 Bg7 6. Be3 Nf6 7. f3 0-0 8. Qd2 d5 9. exd5 Nxd5 10. Nxd5 Nxd4 11. Bxd4 Qxd5 12. Bxg7 Qxd2+ 13. Kxd2 Kxg7 14. Bd3 Rd8 15. Rhe1 Kf6 16. Re3 Bf5 17. Rae1 Rd7 18. Rd1 Bxd3 19. Rxd3 Rxd3+ 20. cxd3 Rc8 21. d4 Ke6 22. Re1+ Kd6 23. Kd3 e6 24. f4 f6 25. h4 Kd5 26. b3 b5 27. Re3 Rc1 28. g3 Rd1+ 29. Kc3 Rxd4 30. Rxe6 b4+ 0-1

[Event "CZE-ch U18 Girls/sf U18"]
[Site "Czech Republic"]
[Date "2008.??.??"]
[Round "2"]
[White "Jana, Martin"]
[Black "Vlasak, Lukas"]
[Result "0-1"]
[WhiteElo "1760"]
[BlackElo "2161"]
[PlyCount "94"]
[EventDate "2008.??.??"]
[EventType "swiss"]
[EventRounds "9"]
[EventCountry "CZE"]
[SourceTitle "EXT 2011"]
[Source "ChessBase"]
[SourceDate "2010.11.26"]
[SourceVersion "1"]
[SourceVersionDate "2010.11.26"]
[SourceQuality "1"]

1. Nf3 Nf6 2. g3 d5 3. d3 g6 4. Nbd2 Bg4 5. e4 dxe4 6. dxe4 Nxe4 7. Bg2 Nxd2 8. Bxd2 Bg7 9. 0-0 0-0 10. Re1 Nc6 11. Qc1 e5 12. Bh6 Qf6 13. Bg5 Qe6 14. Bh6 Bxf3 15. Bxf3 Bxh6 16. Qxh6 Nd4 17. Bd1 Rad8 18. c3 Nf5 19. Qh3 Rd2 20. Bg4 Re8 21. Re2 Rxe2 22. Bxe2 Qb6 23. b3 Qc5 24. g4 Ng7 25. Bc4 b5 26. Bf1 Ne6 27. Qd3 c6 28. b4 Qe7 29. Qe4 Qd6 30. Qe3 Re7 31. a4 bxa4 32. Rxa4 Qd1 33. Rxa7 Qxg4+ 34. Kh1 Rxa7 35. Qxa7 Qf3+ 36. Kg1 Qxc3 37. b5 cxb5 38. Qb8+ Kg7 39. Qxb5 Qd4 40. Qe2 Nf4 41. Qf3 Qa1 42. Qe3 Ne6 43. Qe4 Qd4 44. Qf3 Qf4 45. Qd3 Nd4 46. Bg2 Nf5 47. Qe2 Nh4 0-1